00834 2200313 4500001002100000005001500021035002500036007000300061008004100064020002200105040001700127041000800144082001200152084001400164090001800178090002200196100003100218245004300249260003400292300002800326504003300354650002200387650002300409850001200432250001000444999002200454990002200476990002200498INLIS00000000003362420191011112244 a0010-021800000000350ta180219s2017 yoi g 0 ind d a978-602-6576-18-7 aYOPDYOGbind0 aind04223a320 a320 AGU p aDEP 320 AGU p aCB-D.11 2017-12820 aAgus HiplunudinePengarang0 aPolitik era digital /cAgus Hiplunudin3 aYogyakarta :bCalpulis,c2017 ax, 116 halaman ;c25 cm aBibliografi: halaman 105-116 4aPolitik Informasi 4aKomunikasi Digital aYOPDYOG aCet.1 aCB-D.11/2017-1282 aCB-D.11/2017-1282 aCB-D.11/2017-1282